000 00378nam a2200157Ia 4500
008 230917s9999||||xx |||||||||||||| ||und||
040 _e103297
_aMAIN
041 _aEnglish
082 _a658.8 B171M
100 _aBaker, Michael J
245 0 _aMarketing: An introductory text
250 _a6th ed.
260 _aLondon
_bMacmillan
_c1996
300 _a577 p.
942 _cBK
999 _c118894
_d118894